| 000 | 01214nam a2200301Ia 4500 | ||
|---|---|---|---|
| 003 | OSt | ||
| 005 | 20201014104100.0 | ||
| 008 | 191128s1998 ck fr 000 0 spa d | ||
| 020 | _a9586017834 | ||
| 040 |
_aCO-JMCR _cCO-JMCR |
||
| 041 | 1 |
_aspa _aeng |
|
| 082 | 0 | 4 |
_a332.673 / _bM196a _223 |
| 100 | 1 |
_aMayorga Lorca, Roberto, _eautor _95940 |
|
| 245 | 1 | 0 |
_aAspectos normativos de la inversión extranjera : _banálisis comparativo / _cRoberto Mayorga, Matthias Herdegen, Matthias Hartwing |
| 250 | _aPrimera edición | ||
| 260 |
_aBogotá : _bTercer Mundo, _c1998. |
||
| 300 |
_axii, 206 páginas ; _c23 cm. |
||
| 490 | 0 | _aEconómica | |
| 500 | _aIncluye notas a pie de página. | ||
| 504 | _aBibliografía: páginas 203-206 | ||
| 505 | 0 |
_tRegímenes legales de inversión extranjera en las Américas desafíos normativos / _rRoberto Mayorga L. _tForeing Investment in India, Malaysia, Singapore and Japan: The normative framework / _gMatthias Herdegen |
|
| 546 | _aTexto en español e inglés | ||
| 650 | 2 | 4 |
_aInversiones extranjeras _95941 |
| 650 | 2 | 4 |
_aDerecho y legislación _911497 |
| 700 | 1 |
_aHerdegen, Matthias, _eautor _95942 |
|
| 700 | 1 |
_aHartwing, Matthias, _eautor _95943 |
|
| 942 |
_2ddc _cBK |
||
| 999 |
_c5664 _d5664 |
||